Social origins of dictatorship and democracy : Lord and peasant in the making of the modern world

A landmark in comparative history and a challenge to scholars of all lands who are trying to learn how we arrived at where we are now. Lord and Peasant in the Making of the Modern World

সংরক্ষণ করুন:
গ্রন্থ-পঞ্জীর বিবরন
প্রধান লেখক: Moore, Barrington
বিন্যাস: গ্রন্থ
ভাষা:Undetermined
প্রকাশিত: London Penguin 1967
বিষয়গুলি:
ট্যাগগুলো: ট্যাগ যুক্ত করুন
কোনো ট্যাগ নেই, প্রথমজন হিসাবে ট্যাগ করুন!
Thư viện lưu trữ: Trung tâm Học liệu Trường Đại học Cần Thơ
LEADER 00838nam a2200217Ia 4500
001 CTU_108385
008 210402s9999 xx 000 0 und d
082 |a 309 
082 |b M821 
100 |a Moore, Barrington 
245 0 |a Social origins of dictatorship and democracy : 
245 0 |b Lord and peasant in the making of the modern world 
245 0 |c Barrington Moore 
260 |a London 
260 |b Penguin 
260 |c 1967 
520 |a A landmark in comparative history and a challenge to scholars of all lands who are trying to learn how we arrived at where we are now. Lord and Peasant in the Making of the Modern World 
650 |a Social history,Economic history,Revolutions,Social classes,Politics and government 
650 |z Asia 
904 |i Hiếu 
980 |a Trung tâm Học liệu Trường Đại học Cần Thơ